| 000 | 01053nam a2200241Ia 4500 | ||
|---|---|---|---|
| 003 | Ost | ||
| 005 | 20260507075709.0 | ||
| 008 | 260507s9999||||xx |||||||||||||| ||und|| | ||
| 020 | _a9789947600665 | ||
| 040 | _cfsecg | ||
| 041 | _aara | ||
| 082 | _a332.12 | ||
| 100 |
_aالمدنيني،هنيئة أبو بكر _eمؤلف |
||
| 245 | 0 |
_aالتدريب و اثره على مستوى الخدمة المقدمة للعملاء بالمصارف التجارية بالزاوية / _cهنيئة أبو بكر المدنيني |
|
| 250 | _aطبعة 2 | ||
| 260 |
_aالجزائر: _bكنوز الحكمة, _c2016 |
||
| 300 |
_a197 صفحة؛ _bإيضاحات ؛ _c24 سم |
||
| 504 | _aمراجع ص.179 | ||
| 520 | _aمفاهيم التدريب، التدريب و جودة الخدمات ، التدريب بالمصارف التجارية بالزاوية، تحليل البيانات و المعلومات و النتائج و التوصيات. | ||
| 653 | _aالبنوك التجارية | ||
| 653 | _aالتدريب | ||
| 942 | _cكتاب | ||
| 999 |
_c45883 _d45883 |
||